[Event "Enschede op-E U14"]
[Site "Enschede"]
[Date "2009.08.05"]
[Round "5"]
[White "Kevlishvili, Robby"]
[Black "Bruggeman, Brian"]
[Result "1-0"]
[WhiteElo "1482"]
[BlackElo "1099"]
[PlyCount "109"]
[EventDate "2009.08.03"]
[EventType "swiss"]
[EventRounds "9"]
[EventCountry "NED"]
[SourceTitle "CBM 132 Extra"]
[Source "ChessBase"]
[SourceDate "2009.11.03"]
[SourceVersion "1"]
[SourceVersionDate "2009.11.03"]
[SourceQuality "1"]

1. e4 c5 2. Nf3 Nc6 3. d4 cxd4 4. Nxd4 e5 5. Nf3 g6 6. Bb5 Qa5+ 7. Nc3 Nf6 8. 0-0 a6 9. Bxc6 dxc6 10. Bg5 Nd7 11. Qd2 Qc7 12. Rad1 Bg7 13. Na4 0-0 14. Bh6 b5 15. Nc3 Nb6 16. Bxg7 Kxg7 17. b3 Bg4 18. Qe3 Rab8 19. Rd2 Nd7 20. h3 Bxf3 21. Qxf3 Nf6 22. Rfd1 Rbd8 23. Qe3 Rxd2 24. Rxd2 Rd8 25. Re2 Nh5 26. g3 Qc8 27. Kg2 Qc7 28. Qc5 h6 29. a4 bxa4 30. Nxa4 Nf6 31. Nb2 Rd4 32. f3 Qd7 33. Nd3 Qe6 34. Nxe5 Rd6 35. Nc4 Rd8 36. Na5 Rc8 37. Rd2 Ne8 38. Nb7 Rc7 39. Nd8 Qf6 40. e5 Qg5 41. Qc3 Kg8 42. e6 f6 43. Nf7 Rxf7 44. exf7+ Kxf7 45. Re2 Qb5 46. Qe3 Qb7 47. Qxe8+ Kg7 48. Re7+ Qxe7 49. Qxe7+ Kg8 50. Kf2 f5 51. Ke3 h5 52. Kd4 a5 53. Ke5 h4 54. Kf6 Kh8 55. Qg7# 1-0